00590 a2200181 4500003000400000005001700004008004100021020001800062040000900080082001800089100002700107245003900134260003900173300000900212942004200221952012800263999001700391OSt20231218135934.0231218b |||||||| |||| 00| 0 eng d a9789350722411 coclc a891.43bDET/S aDetha, Vijaydan910168 aSAHITYA AUR SAMAJ /cVjaydan Detha aNew Delhi:bVani Prakashan,c2017. a148p 2ddccBKh891.43iDET/Sk891.43mDET/S 00102ddc40708LITaMESbMEScHINd2023-12-18l0o891.43 DET/Sp43104r2023-12-18 14:00:19v395.00w2023-12-18yBKzGR6R3 c43470d43470